Strategic Organization

Enregistré dans:
Détails bibliographiques
Format: Publication en série
Langue:anglais
Publié: Los Angeles SAGE Publ.
Sujets:
Tags: Ajouter un tag
Pas de tags, Soyez le premier à ajouter un tag!

MARC

LEADER 00000nas1a2200000$$$4500
001 0141963
005 20250701092057.9
022 |a 1476-1270 
022 |a 1741-315X 
041 0 |a eng 
044 |a US 
245 1 0 |a Strategic Organization 
264 1 |a Los Angeles  |b SAGE Publ. 
610 2 0 |a manažment strategický 
610 2 0 |a výskum ekonomický 
610 2 0 |a modelovanie ekonometrické